Técnicas de investigación y manejo para la conservación de las tortugas marinas (Registro nro. 20834)
[ vista simple ]
| 000 -CABECERA | |
|---|---|
| Campo de control | 00957nam a22002657a 4500 |
| 005 - FECHA Y HORA DE LA ULTIMA TRANSACCION | |
| Campo de control | 20200211111024.0 |
| 008 - ELEMENTOS DE LONGITUD FIJA—INFORMACION GENERAL | |
| Campo de control | 200211b xxu||||| |||| 00| 0 spa d |
| 020 ## - ISBN | |
| ISBN | 2831705800 |
| 040 ## - FUENTE DE CATALOGACIÓN | |
| Agencia catalogadora original | CO-BoIAVH |
| Agencia transcriptora | CO-BoIAVH |
| 041 ## - IDIOMA | |
| Código de idioma para texto/pista de sonido o título separado | Español |
| 044 ## - PAÍS DE PUBLICACIÓN | |
| País de publicación | Estados Unidos |
| 082 ## - NUMERO DE CLASIFICACION DECIMAL DEWEY | |
| Número de clasificación | 597.928 |
| Número del ítem | E19t |
| 100 ## - ASIENTO PRINCIPAL--NOMBRE PERSONAL | |
| 9 (RLIN) | 9688 |
| Nombre personal | Eckert, Karen Lind |
| 245 ## - MENCION DE TITULO | |
| Título | Técnicas de investigación y manejo para la conservación de las tortugas marinas |
| Mención de responsabilidad | Karen L Eckert y otros editores |
| 260 ## - PUBLICACION, DISTRIBUCION, ETC. (PIE DE IMPRENTA) | |
| Lugar de publicación, distribución, etc. | USA: |
| Nombre del editor, distribuidor, etc. | Marine Turtle Specialist Group, |
| Fecha de publicación, distribución, etc. | 2000. |
| 300 ## - DESCRIPCION FISICA | |
| Extensión | 278 páginas, |
| Otros detalles físicos | Ilustraciones blanco y negro |
| Dimensiones | 27.7 x 21.6 cm |
| 500 ## - NOTA GENERAL | |
| Nota general | Publicación N° 4 |
| 650 #0 - ASIENTO SECUNDARIO DE MATERIA - TERMINO TEMATICO | |
| 9 (RLIN) | 3186 |
| Término temático o nombre geográfico como elemento de entrada | Tortugas marinas |
| 650 #0 - ASIENTO SECUNDARIO DE MATERIA - TERMINO TEMATICO | |
| 9 (RLIN) | 1264 |
| Término temático o nombre geográfico como elemento de entrada | Conservación de especies |
| 650 #0 - ASIENTO SECUNDARIO DE MATERIA - TERMINO TEMATICO | |
| 9 (RLIN) | 7312 |
| Término temático o nombre geográfico como elemento de entrada | Biología de una especie |
| Subdivisión general | Tortugas marinas |
| 700 ## - ASIENTO SECUNDARIO - NOMBRE PERSONAL | |
| 9 (RLIN) | 102662 |
| Nombre personal | Bjorndal, Karen A. |
| Término de relación | Editora |
| 700 ## - ASIENTO SECUNDARIO - NOMBRE PERSONAL | |
| 9 (RLIN) | 102663 |
| Nombre personal | Abreu-Grobois, F. Alberto |
| Término de relación | Editor |
| 700 ## - ASIENTO SECUNDARIO - NOMBRE PERSONAL | |
| 9 (RLIN) | 9742 |
| Nombre personal | Donnelly, Marydele |
| Término de relación | Editora |
| 942 ## - ELEMENTOS ADICIONALES (KOHA) | |
| Sistema de clasificación | Dewey Decimal Classification |
| Tipo de ítem | Libro |
| Withdrawn status | Lost status | Sistema de Clasificación | Damaged status | No para préstamo | Colección | Ubicación Permanente | Ubicación actual | Fecha de adquisición | Total Checkouts | Número topográfico | Inventario / Código de Barras | Date last seen | Ejemplar | Price effective from | Forma de adquisición | Tipo de material |
|---|---|---|---|---|---|---|---|---|---|---|---|---|---|---|---|---|
| Dewey Decimal Classification | General | Bogotá | Bogotá | 11/02/2020 | LB-597.928 E19t | 044089 | 11/02/2020 | Ej. 1 | 11/02/2020 | Donación | Libro |